Krehká sila pravdivého sna

Bibliographic Details
Main Authors: Vargová Čakovská, Petra (Author), Krupinská, Silvia (Author)
Format: Article
Language:Slovak
PhysicalDescription:Fotogr.
Subjects:

MARC

LEADER 00000nab a2200000 ar4500
001 vtls010344819
003 SK-MaSNL
005 20260305024223.0
008 171109c2011 xo mr|p|||||||000 b|slo
015 |a SNBRB2008  |2 pppk 
038 |a PPPK 
040 |a PPPKCL  |b slo  |c PPPKCL  |e AACR2 
041 0 |a slo 
044 |a xo  |c SK 
080 |a 72/76.071.1-055.2  |2 2001 
080 |a 929-027.541  |2 2001 
100 1 |a Vargová Čakovská, Petra  |4 aut  |9 1508394 
245 1 0 |a Krehká sila pravdivého sna  |c Petra Vargová Čakovská ; [rozhovor poskytla Silvia Krupinská] 
300 |b Fotogr. 
600 1 7 |a Krupinská, Silvia  |2 pppkcl  |9 1602912 
650 0 7 |a výtvarníčky  |2 pppkcl  |9 31075 
650 0 7 |a osobnosti  |2 pppkcl  |9 29820 
650 0 7 |a rodáci  |2 snkbucl  |9 30842 
651 7 |a Poprad (Slovensko)  |2 pppkcl  |9 20155 
655 7 |a rozhovory  |2 pppkcl  |9 31831 
700 1 |a Krupinská, Silvia  |4 aut  |9 1602912 
773 0 |t Podtatranský kuriér  |g Roč. II, č. 1-2 (2012), s. 7 
852 |a PPPK  |b KIS3GCP 
999 |c 3301113  |d 3303043